To Manage is to govern (Record no. 54218)

000 -LEADER
fixed length control field 01523pab a2200169 454500
008 - FIXED-LENGTH DATA ELEMENTS--GENERAL INFORMATION
fixed length control field 180718b2002 xxu||||| |||| 00| 0 eng d
100 ## - MAIN ENTRY--PERSONAL NAME
Personal name Feldman, Martha S.
245 ## - TITLE STATEMENT
Title To Manage is to govern
260 ## - PUBLICATION, DISTRIBUTION, ETC.
Date of publication, distribution, etc. 2002
300 ## - PHYSICAL DESCRIPTION
Extent p.541-54.
362 ## - DATES OF PUBLICATION AND/OR SEQUENTIAL DESIGNATION
Dates of publication and/or sequential designation Sep-Oct
520 ## - SUMMARY, ETC.
Summary, etc. Governance structures constrain and enable the actions of public managers. Principal - agent theory has played a dominant role in our understanding of governance structures. This theory suggests that politicians create relatively static governance structures in a top-down fashion and hold managers accountable for mandated results. In other words, public managers are influenced by governance structures but do not affect governance structures. However, we argue that public managers do affect governance structures, and, in order to understand how this influence takes place, we need a new way of thinking about governance structures. We propose thinking about governance structures as relationships created through the interactions of people in different and reciprocal roles that are relatively dynamic. Public managers are an important source of the multiple, reciprocal, and dynamic interactions that produce governance (relationship) structures. As such, managers are accountable not only for policy outcomes, but also for the appropriateness of the relationships they cfreate and support. - Reproduced.
650 ## - SUBJECT ADDED ENTRY--TOPICAL TERM
Topical term or geographic name entry element Public administration
700 ## - ADDED ENTRY--PERSONAL NAME
Personal name Khademian, Anne
773 ## - HOST ITEM ENTRY
Main entry heading Public Administration Review
909 ## -
-- 54218
Holdings
Withdrawn status Lost status Damaged status Not for loan Permanent Location Current Location Date acquired Serial Enumeration / chronology Barcode Date last seen Price effective from Koha item type
        Indian Institute of Public Administration Indian Institute of Public Administration 2018-07-19 Volume no: 62, Issue no: 5 AR54663 2018-07-19 2018-07-19 Articles

Powered by Koha